000 00757cab a2200241 4500
001 ABS60256
008 090401t1999 xxu||||| |||| 00| 0 eng d
035 _a(Sirsi) u92248
041 _aeng
100 _aBrewer, G.
245 2 _aA three-way obligation
260 _c1999
350 _a0
490 _aContract Journal
_v397(6217) 17 March 1999, 24(1)
650 _aCECA STANDARD FORM OF SUBCONTRACT
650 _aDISPUTE RESOLUTION
_96236
650 _aICE CONDITIONS OF CONTRACT
650 _aREDLAND AGGREGATES LTD V SHEPHERD HILL ENGINEERING LTD
650 _aTRIPARTITE ARBITRATION
690 _aMANAGEMENT-DISPUTE AVOIDANCE, MANAGEMENT AND RESOLUTION-DISPUTE MANAGEMENT AND RESOLUTION-ARBITRATION
942 _n0
948 _c22/03/1999
999 _c58494
_d58494